Эпистемология и философия науки, 2012, том 32, № 2 научно-теоретический журнал
Gardado en:
| Formato: | Журнал |
|---|---|
| Edición: | 1 |
| Acceso en liña: | https://znanium.com/catalog/document?id=191074 https://znanium.com/cover/0558/558165.jpg |
| Метки: |
Engadir etiqueta
Sen Etiquetas, Sexa o primeiro en etiquetar este rexistro!
|
| LEADER | 01137nam0a2200253 i 4500 | ||
|---|---|---|---|
| 001 | RU\infra-m\znanium\bibl\558165 | ||
| 003 | https://znanium.com/catalog/document?id=191074 | ||
| 005 | 20250812000000.0 | ||
| 100 | |a 20250812d2016 m y0rusy0150 ca | ||
| 101 | 0 | |a rus | |
| 102 | |a RU | ||
| 200 | 1 | |a Эпистемология и философия науки, 2012, том 32, № 2 |e научно-теоретический журнал |e Журнал | |
| 205 | |a 1 | ||
| 210 | 1 | |a Москва |c ИФ РАН |d 2012 | |
| 215 | |a 257 с. | ||
| 333 | |a ВО - Магистратура | ||
| 606 | |a Философия |x Философия науки и образования |2 local | ||
| 608 | |a Журнал |2 local | ||
| 675 | |a 10 |z rus | ||
| 686 | |a 87 |2 rubbk | ||
| 686 | |a 47.00.00 |2 okso | ||
| 801 | 0 | |a RU |b Общество с ограниченной ответственностью «ЗНАНИУМ» |c 20160428 |2 rusmarc | |
| 856 | 4 | |a znanium.com |m ebs_support@infra-m.ru |n НИЦ ИНФРА-М |u https://znanium.com/catalog/document?id=191074 | |
| 856 | 4 | 1 | |a znanium.com |d /cover/0558 |f 558165.jpg |q image/jpeg |u https://znanium.com/cover/0558/558165.jpg |